LEADER 03170oam 2200541 450 001 9910494751103321 005 20211005195608.0 010 $a3-8467-6159-1 024 7 $a10.30965/9783846761595 035 $a(CKB)4920000000126112 035 $z(OCoLC)966420388 035 $a(nllekb)BRILL9783846761595 035 $a(MiAaPQ)EBC6516382 035 $a(Au-PeEL)EBL6516382 035 $a(OCoLC)1243538551 035 $a(EXLCZ)994920000000126112 100 $a20191130d2017 uy 0 101 0 $aeng 135 $aurun| uuuua 181 $2rdacontent 182 $2rdamedia 183 $2rdacarrier 200 00$aMimesis Bauen $ea Architektengespräche /$fEdited by Hans-Rudolf Meier; Carsten Ruhl; Eva von Engelberg-Dockal; Frederike Lausch; Eva von Engelberg-Dockal 210 1$aPaderborn :$cWilhelm Fink Verlag,$d2017. 215 $a1 online resource 225 1 $aMedien und Mimesis ;$v3 311 $a3-7705-6159-7 327 $aPreliminary Material /$rEva von Engelberg-Dockal , Frederike Lausch , Hans-Rudolf Meier and Carsten Ruhl -- Einleitung /$rEva von Engelberg-Dockal , Frederike Lausch , Hans-Rudolf Meier and Carsten Ruhl -- »Es Geht Immer um eine Ähnlichkeit« /$rHans-Rudolf Meier -- ?I Don?t know if you can Mimic a Machine? /$rFrederike Lausch -- »Alle Architekten sind Eklektizisten« /$rEva von Engelberg-Do?kal -- »Rekonstruktion Erscheint mir wie ein Trojanisches Pferd« /$rCarsten Ruhl -- Abbildungsnachweise /$rEva von Engelberg-Dockal , Frederike Lausch , Hans-Rudolf Meier and Carsten Ruhl -- Biografien /$rEva von Engelberg-Dockal , Frederike Lausch , Hans-Rudolf Meier and Carsten Ruhl. 330 $aZitieren, Kopieren und Rekonstruieren sind gängige Verfahren im architektonischen Alltag. Anstatt sie zu verbergen, um den Originalitätsanspruch der Moderne zu wahren, werden sie in diesem Buch offengelegt. Vier Architekten berichten im Gespräch mit den Herausgebern über mimetische Praktiken ihrer Entwurfsarbeit seit den 1990er Jahren. Der bewusst weit gespannte Rahmen umfasst sowohl formal-gestalterische Aspekte als auch prozessuale Formen der architektonischen Mimesis. Neben gängigen Analogiebildungen zum architektonischen Kontext, zu lokalen Bautraditionen oder zur Vorgängerbebauung finden anthropomorphe und biologische Bilder sowie philosophische Diskurse Beachtung. Die Gespräche spiegeln die zentrale Bedeutung mimetischer Praktiken für die neuere Architektur und Architekturtheorie wider und verstehen sich damit auch als Beitrag zur jüngsten Phase der Architekturgeschichte. 410 0$aMedien und Mimesis ;$v3. 606 $aArchitects 606 $aArchitecture$xPhilosophy 606 $aArchitecture, Modern 608 $aElectronic books. 615 0$aArchitects. 615 0$aArchitecture$xPhilosophy. 615 0$aArchitecture, Modern. 676 $a720 702 $aMeier$b Hans-Rudolf 702 $aRuhl$b Carsten 702 $aEngelberg-Dockal$b Eva von 702 $aLausch$b Frederike 801 0$bNL-LeKB 801 1$bNL-LeKB 906 $aBOOK 912 $a9910494751103321 996 $aMimesis Bauen$91892832 997 $aUNINA LEADER 01073cam0-2200349---450 001 990005654760203316 005 20240403091732.0 035 $a000565476 035 $aUSA01000565476 035 $a(ALEPH)000565476USA01 100 $a20040927d1987----km y1itay5003----ba 101 0 $aita 102 $aIT 200 1 $a19 racconti per Rinascita$fa cura di Ottavio Cecchi e Mario Spinella 210 $aRoma$cL'Unità$d1987 215 $a159 p.$d19 cm 300 $aAllegato al n. 50 del 26 dicembre 1987 di Rinascita 300 $aEdizione fuori commercio 532 1 $aDiciannove racconti per Rinascita 606 0 $aRacconti italiani$zSec. 20.$xAntologie$2BNCF 676 $a853.91408 702 1$aCECCHI,$bOttavio 702 1$aSPINELLA,$bMario$f<1918-1994> 801 0$aIT$bsalbc$gISBD 912 $a990005654760203316 951 $aFC.M. 2321$b22 FCil$cFC.M.$d368908 951 $aXV.18.B. 63 (FDC 800 BEE)$b5847 FIL$cXV.18.B.$d549555 959 $aBK 969 $aFCil 969 $aFDECI 996 $a19 racconti per Rinascita$94148403 997 $aUNISA